000 00993nam a2200241 a 4500
001 80369
003 BD-RjUL
005 20230826162610.0
008 220915s2013 bg a|||| m||| 00| 0 eng d
035 _a(BD-RjUL)80369
040 _aBD-RjUL
_beng
_cBD-RjUL
_dBD-RjUL
041 _aeng
082 _223
_a354.2794
_bMAE 2013
100 _aMazumder, Md. Akhtar Hossain
_94836
245 1 0 _aEfficacy of Holistic Approach Rural Development in Bangladesh :
_bA Study of Comprehensive Village Development Programme (CVDP) /
_cMd. Akhtar Hossain Mazumder
_6Supervisor : Md. Fakrul Islam
260 _aRajshahi :
_bDepartment of Social Work, University of Rajshah,
_c2013.
300 _a[3], xviii, 231 leaves :
_bill.;
_c29 cm.
502 _aThesis (Ph. D.) -- Department of Social Work, University of Rajshahi,2013
504 _aBibliography : Leaves 195-208
650 _aRural Development
_xUrban Community
_zBangladesh
_94837
700 _aIslam, Md. Fakrul, Supervisor
_91395
942 _2ddc
_cTHE
999 _c80369
_d80369